000 00533nam a2200181Ia 4500
999 _c32029
_d32029
003 OSt
005 20200727110353.0
008 190216s9999||||xx |||||||||||||| ||und||
020 _a9780131907294
040 _coclc
082 _a512.5
_bBRE/L
100 _aBretscher, Otto
_93766
245 0 _aLinear Algebra With Applications /
_cOtto Bretscher
260 _bPrentice Hall Of India Pvt Ltd,
_aNew Delhi:
_c1996.
300 _a554p
650 _aMathematics
942 _cBK
_2ddc
_h512.5
_iBRE/L
_k512.5
_mBRE/L